Sports Quiz

Random Sports or Football Quiz

NFL Career Passing Yard Leaders Quiz Stats

 Plays Quiz Updated Jan 8, 2021

Support Sporcle.
Go Orange.
Score 0/40 Timer 06:00
41 Plays Today
Yards Player % Correct
71,940Peyton Manning
97.2%
71,838Brett Favre
95.1%
57,023Eli Manning
94.2%
61,361Dan Marino
90.5%
63,440Philip Rivers
85.6%
40,551Joe Montana
84.6%
51,475John Elway
81%
60,438Ben Roethlisberger
80.8%
51,245Aaron Rodgers
80.4%
33,124Steve Young
79.8%
55,767Matt Ryan
73.7%
33,946Russell Wilson
70.2%
45,109Matthew Stafford
69.9%
49,325Warren Moon
68.6%
35,650Alex Smith
60.9%
34,183Tony Romo
60.8%
79,204Tom Brady
59.1%
46,247Carson Palmer
58.8%
40,239Johnny Unitas
58.8%
46,233Vinny Testaverde
57.1%
Yards Player % Correct
80,358Drew Brees
56.4%
35,467Jim Kelly
55.7%
44,611Drew Bledsoe
55.2%
47,003Fran Tarkenton
52.3%
37,276Donovan McNabb
51.3%
43,040Dan Fouts
48.5%
33,462Phil Simms
44.5%
35,133Jay Cutler
43.6%
40,931Joe Flacco
42.9%
40,922Kerry Collins
41.6%
36,638Matt Hasselbeck
41.6%
34,997Ryan Fitzpatrick
41.1%
37,920Boomer Esiason
40.3%
33,763Andy Dalton
39.3%
33,070Y.A. Tittle
30.5%
38,147Dave Krieg
23.4%
34,837Jim Everett
19.2%
34,241Steve DeBerg
16.9%
34,665Jim Hart
16%
33,503John Hadl
14.6%

From the Vault

10 Closest Capitals to Paris

by Deevie

We wonder if these capitals are close enough to see the Eiffel Tower. On second thought, probably not.
Remove Ads.
Support Sporcle.
Get the best of Sporcle when you Go Orange. This ad-free experience offers more features, more stats, and more fun while also helping to support Sporcle. Thank you for becoming a member.

Show Comments

Extras

Top Quizzes Today


Score Distribution

Your Account Isn't Verified!

In order to create a playlist on Sporcle, you need to verify the email address you used during registration. Go to your Sporcle Settings to finish the process.

Report this User

Report this user for behavior that violates our Community Guidelines.

Details: